|
|
|
|
| LEADER |
00000naa a2200000 i 4500 |
| 001 |
publ2607 |
| 005 |
20260130112806.0 |
| 008 |
260130s2025 hu o 000 zxx d |
| 020 |
|
|
|a 978-615-6886-22-4
|
| 024 |
|
|
|a 10.29180/978-615-6886-22-4_13
|2 doi
|
| 040 |
|
|
|a BGE Publikációtár Repozitórium
|b hun
|
| 100 |
1 |
|
|a Tangl Anita
|
| 245 |
1 |
0 |
|a Magyar autóipari vállalkozások fenntarthatósági jelentéskészítésének sajátosságai
|c Tangl Anita
|h [elektronikus dokumentum]
|
| 260 |
|
|
|a Budapesti Gazdaságtudományi Egyetem
|b Budapest
|c 2025
|
| 300 |
|
|
|a 1-17
|
| 490 |
0 |
|
|a II. Dr. Sztanó Imre Emlékkonferencia
|
| 520 |
3 |
|
|a A Fenntarthatósági jelentés a magyar számviteli szabályok alapján is kötelező eleme lett a vállalkozások üzleti jelentésének. A Fenntarthatósági jelentés készítésének gazdálkodói körét a számvitelről szóló törvény tételesen meghatározza, valamint a törvény szabályozza annak belső tartalmát, hitelesítési kötelezettségét. A vállalati gyakorlatban sok esetben keveredik a gazdálkodók ESG beszámolójára és a Fenntarthatósági jelentésére vonatkozó előírások köre. A kutatás célja feltárni a Fenntarthatósági jelentés készítésének előnyeit, nehézségeit és jelenlegi ellentmondásait. A vizsgálat során tanulmányozásra kerülnek a Fenntarthatósági jelentés kötelező elemei kiegészítve azokkal a specialitásokkal, melyek az autóipari vállalkozások tevékenységéhez köthetőek. Az autóipari vállalkozások kiválasztásának alapja, hogy a magyar gazdaságban az autóipari vállalkozások szerepe jelentős (GDP 3,9%-a; teljes foglalkoztatotti létszám 2,73%-a) és a tevékenység környezeti terhelése is magas. A kutatás eredményeképp autóipari vállalkozásokra alkalmazható Fenntarthatósági jelentés keretrendszerére teszünk javaslatot.
|
| 650 |
|
4 |
|a gazdálkodás- és szervezéstudományok
|
| 700 |
1 |
|
|a Vajna István
|e aut
|
| 856 |
4 |
0 |
|u https://publikaciotar.uni-bge.hu/id/eprint/2607/1/Dr.%20Sztan%C3%B3%20Imre%20Elml%C3%A9kkonferencia_konferenciak%C3%B6tet_13.pdf
|z Dokumentum-elérés
|